Central Library and Information Centre
Sibsagar Girls' College, Sivasagar : Assam

RAJNITI BIGYANAR BHUMIKA (For Pre-university Course of GU) (Record no. 11269)

MARC details
000 -LEADER
fixed length control field 00551cam a2200193ua 4500
008 - FIXED-LENGTH DATA ELEMENTS--GENERAL INFORMATION
fixed length control field 190506n II |||gr||||Z||||||asm
040 ## - CATALOGING SOURCE
Original cataloging agency MAIN
041 ## - LANGUAGE CODE
-- English
082 ## - DEWEY DECIMAL CLASSIFICATION NUMBER
Classification number 320 BOR
100 ## - MAIN ENTRY--PERSONAL NAME
Personal name BORAH, DR. MAHENDRA.
245 ## - TITLE STATEMENT
Title RAJNITI BIGYANAR BHUMIKA (For Pre-university Course of GU)
260 ## - PUBLICATION, DISTRIBUTION, ETC.
Place of publication, distribution, etc. GUWAHATI
Name of publisher, distributor, etc. LBS PUBLISHERS
300 ## - PHYSICAL DESCRIPTION
Extent 151:
Dimensions 20CM.
500 ## - GENERAL NOTE
General note BOOK was before BOOK BANK Acc.No.B 133, Now New Acc.No.09608
700 ## - ADDED ENTRY--PERSONAL NAME
Personal name BORAH, DR. MAHENDRA.,
Relator term AUTHOR.
942 ## - ADDED ENTRY ELEMENTS (KOHA)
Koha item type Books
653 ## - INDEX TERM--UNCONTROLLED
Uncontrolled term Political science
Holdings
Withdrawn status Lost status Damaged status Not for loan Collection code Home library Current library Shelving location Date acquired Full call number Barcode Date last seen Copy number Price effective from Koha item type
        TBPSC Central Library and Information Centre Sibsagar Girls College Central Library and Information Centre Sibsagar Girls College Political Science Rack 18.03.1987 320 BOR 09608 27.02.2020 1 27.02.2020 Books


Sibsagar Girl's College © 2020. All rights reserved.
Powered by Koha.
Maintained by Abhijit Borpuzari.